Estadísticas para Nombres de capitales que tocan el oceano DIFICIL

Haz click aquí para intentar la prueba.

Estadísticas generales

  • Esta prueba ha sido intentada 52 veces
  • La puntuación promedio es 56 de 101

Estadísticas de respuestas

ContinentesCapitales% Correcto
AmericaLa Habana
94%
AmericaCaracas
89%
EuropaOslo
89%
EuropaAtenas
87%
AmericaBuenos Aires
87%
AmericaLima
87%
AmericaPuerto Principe
87%
EuropaEstocolmo
85%
EuropaLisboa
85%
AmericaMontevideo
85%
AmericaKingston
83%
AmericaKingstown
83%
AmericaSanto Domingo
83%
EuropaDublin
81%
EuropaRiga
81%
EuropaRoma
81%
AsiaTokio
81%
AsiaManila
79%
EuropaMonaco
79%
AmericaPanama
79%
EuropaTallin
79%
AmericaWashington
79%
EuropaAmsterdam
77%
EuropaHelsinki
77%
AmericaSan Salvador
77%
AmericaSantiago
77%
AfricaRabat
74%
OceaniaWellington
74%
AsiaBangkok
70%
AsiaNicosia
70%
AmericaPuerto España
70%
AsiaSingapur
70%
AfricaArgel
68%
AsiaKuala Lumpur
68%
AmericaManagua
68%
AfricaTunez
68%
AsiaDoha
66%
AsiaMale
66%
AmericaNassau
66%
AsiaSeul
66%
AfricaTripoli
66%
AsiaAbu Dhabi
64%
AsiaBeirut
64%
AmericaGeorgetown
64%
OceaniaSuva
64%
AsiaTaipei
64%
AfricaAntananarivo
62%
AmericaCastries
62%
AfricaDakar
62%
AmericaRoseau
62%
EuropaTirana
62%
AfricaVictoria
62%
OceaniaPort Moresby
60%
AfricaLuanda
57%
AfricaMonrovia
57%
OceaniaApia
55%
AmericaBridgetown
55%
AfricaMoroni
55%
AfricaPraia
55%
AsiaBaku
53%
AfricaFreetown
53%
AfricaMaputo
53%
AmericaParamaribo
53%
AfricaSanto Tome
53%
AfricaYibuti
53%
AfricaAccra
51%
AfricaBissau
51%
AsiaKuwait
51%
AfricaLibreville
51%
AfricaBanjul
49%
AsiaManama
49%
OceaniaPalikir
49%
EuropaPodgorica
49%
AfricaAsmara
47%
AsiaBandar
47%
OceaniaPort Vila
47%
EuropaVaticano
47%
OceaniaTarawa
45%
OceaniaFunafuti
38%
AfricaLome
38%
OceaniaYaren
38%
AfricaCape Town
36%
OceaniaHoniara
34%
OceaniaMajuro
34%
OceaniaNuku Alofa
32%
EuropaValletta
32%
OceaniaNgerulmud
30%
AfricaConakry
23%
AsiaColombo
19%
AsiaJakarta
13%
AfricaPuerto Luis
9%
AmericaSan George
9%
AmericaSan John
9%
EuropaCopenhagen
6%
AfricaMogadishu
6%
AsiaMuscat
6%
AfricaNouakchott
6%
AfricaBata
2%
AmericaCharlestown
2%
AfricaPuerto Nuevo
2%
EuropaRekiavik
2%

Distribución de puntuación

Porcentaje por número respondido

Porcentaje de gente con cada puntuación

Historial de tus puntuaciones

No has intentado esta prueba.